| 000 | 00856nam a2200253 a 4500 | ||
|---|---|---|---|
| 001 | |||
| 003 | OSt | ||
| 005 | 20240307072857.0 | ||
| 007 | ta | ||
| 008 | 100322s2004 ve a 000 0 spa d | ||
| 040 |
_aBPMSU _bspa _cBPMSU |
||
| 082 |
_a027.4 _bT787a 2004 _222 |
||
| 111 | 2 |
_aJornada del Conocimiento Bilbioteca Juan Bosch _n(1 : _d2014 : _cSanto Domingo) _g |
|
| 245 | 0 | 0 |
_a30 años de Biblioteca Ayacucho : _b1974-2004 / _cdirector editorial Oscar Rodríguez Ortiz |
| 246 | 1 | 3 | _aTreinta años de Biblioteca Ayacucho |
| 260 |
_aCaracas, Venezuela : _bEditorial Arte, _c2004 _b |
||
| 300 |
_a93 p. : _bil. ; _c24 cm. |
||
| 590 | _aInventariado, 2024/VM | ||
| 610 | 1 | 4 |
_aBiblioteca Ayacucho _zVenezuela _xHistoria |
| 700 | 1 |
_aRodríguez Ortiz, Oscar _eed. |
|
| 910 | _aVMateo V. Control de calidad. BPMSU | ||
| 942 |
_2ddc _cBK |
||
| 956 | _a | ||
| 999 |
_c14575 _d14575 |
||